000
00323nam a2200109Ia 4500
008
200302s9999 xx 000 0 und d
100
_a
Carol Herselle Krinsky
245
_a
Contemporary Native American Architecture Cultural Regeneration & Creativity
260
_b
Oxford University Press
260
_c
1996
300
_a
277 P.,
999
_c
2029
_d
2029